Pakistan: (Record no. 330841)
[ view plain ]
| 000 -LEADER | |
|---|---|
| fixed length control field | nam a22 7a 4500 |
| 003 - CONTROL NUMBER IDENTIFIER | |
| control field | NUST |
| 005 - DATE AND TIME OF LATEST TRANSACTION | |
| control field | 20170816114946.0 |
| 008 - FIXED-LENGTH DATA ELEMENTS--GENERAL INFORMATION | |
| fixed length control field | 170816b xxu||||| |||| 00| 0 eng d |
| 040 ## - CATALOGING SOURCE | |
| Transcribing agency | NUST |
| 082 ## - DEWEY DECIMAL CLASSIFICATION NUMBER | |
| Classification number | 954.91 |
| Author Mark | CHA |
| 100 ## - MAIN ENTRY--PERSONAL NAME | |
| Personal name | Chaudhary, Muhammad Azam |
| 9 (RLIN) | 3914 |
| 245 ## - TITLE STATEMENT | |
| Title | Pakistan: |
| Remainder of title | aik amomi mutalia/ |
| Statement of responsibility, etc. | by Muhammad Azam Chaudhary |
| 260 ## - PUBLICATION, DISTRIBUTION, ETC. | |
| Place of publication, distribution, etc. | Karachi: |
| Name of publisher, distributor, etc. | Wafaqi Urdu University, |
| Date of publication, distribution, etc. | 2005 |
| 300 ## - PHYSICAL DESCRIPTION | |
| Extent | 319 p. |
| 500 ## - GENERAL NOTE | |
| General note | Pakistan study |
| 504 ## - BIBLIOGRAPHY, ETC. NOTE | |
| Bibliography, etc. note | Include bibliographies |
| 650 ## - SUBJECT ADDED ENTRY--TOPICAL TERM | |
| Topical term or geographic name entry element | Pakistan Study |
| 9 (RLIN) | 3915 |
| 880 ## - ALTERNATE GRAPHIC REPRESENTATION | |
| Linkage | 100-01\(3\r |
| Title | محمد اعظم چوہدری |
| 880 ## - ALTERNATE GRAPHIC REPRESENTATION | |
| Linkage | 245-02\(3\r |
| Title | پاکستان: |
| b | ایک عمومی مطالعہ |
| c | محمد اعظم چوہدری |
| 880 ## - ALTERNATE GRAPHIC REPRESENTATION | |
| Linkage | 260-03\(3\r |
| Title | کراچی: |
| b | وفاقی اردو یونیورسٹی، |
| c | 2005 |
| 942 ## - ADDED ENTRY ELEMENTS (KOHA) | |
| Source of classification or shelving scheme | |
| Koha item type | Book |
| Withdrawn status | Lost status | Source of classification or shelving scheme | Damaged status | Not for loan | Permanent Location | Current Location | Shelving location | Date acquired | Total Checkouts | Full call number | Barcode | Date last seen | Date last checked out | Copy number | Price effective from | Koha item type |
|---|---|---|---|---|---|---|---|---|---|---|---|---|---|---|---|---|
| Central Library (CL) | Central Library (CL) | Book Cart | 08/16/2017 | 1 | 954.91 CHA | CL3109 | 06/17/2025 | 12/27/2018 | 1 | 08/16/2017 | Book |
